| 000 | 00792nam a22002297a 4500 | ||
|---|---|---|---|
| 999 |
_c9552 _d9552 |
||
| 003 | AR-CdUCM | ||
| 008 | 190328b ||||| |||| 00| 0 spa d | ||
| 040 |
_aMUNICIPALIDAD PROVINCIAL DEL CUSCO _cBIBLIOTECA MUNICIPAL DEL CUSCO |
||
| 041 | _heng | ||
| 082 |
_a530.11 / _bR96 / 1943 |
||
| 100 |
_aRussell, Bertrand _916285 |
||
| 245 | _aEl A.B.C. de la relatividad / | ||
| 260 |
_aBuenos Aires : _bEdiciones Imán, _c1943. |
||
| 300 |
_a194 páginas ; _c21 cm. |
||
| 505 | _aContenido: Tacto y vista -- Lo que sucede y lo que se observa -- La velocidad de la luz -- Relojes y reglas -- Espacio-tiempo -- | ||
| 650 |
_aRelatividad _920523 |
||
| 650 |
_aFísica _92382 |
||
| 650 |
_aMateria _9883 |
||
| 700 |
_aSábato, Ernesto (traducción) _925825 |
||
| 942 |
_2ddc _cLIBROS |
||
| 945 | _aachl | ||